Hýb sa ako ma beh postavil na nohy

Bibliographic Details
Main Author: Mackie, Bella (Author)
Other Authors: Klimková, Simona, 1982- (Translator)
Format: Book
Language:Slovak
English
PhysicalDescription:256 strán 22 cm
Published: Bratislava Tatran 2019
ISBN:9788022210256
Edition:Vydanie I.
Subjects:

MARC

LEADER 00000cam a2200000 4500
001 vtls011875368
003 SK-MaSNL
005 20260301184902.0
008 210624s2019 xo grn 010 1 slo
015 |a SNBA2019/11 
020 |a 9788022210256  |q (viazané) 
035 |a urn:nbn:sk:snk-am00ed4p 
035 |a urn:nbn:sk:snk-am3iggh 
035 |a FE9DBF61-6F9C-4658-8419-5B316D764F53 
040 |a SNK  |b slo  |c SNK  |e rda 
041 1 |a slo  |h eng 
044 |a xo  |c SK 
072 7 |a 613.7  |x Zdravie a hygiena voľného času, rekreácie a spánku  |2 konspekt 
072 7 |a 821.111-3  |x Anglická próza, anglicky písaná  |2 konspekt 
080 |a 796.422  |2 2011 
080 |a 613.71/.73  |2 2011 
080 |a 613:304.3  |2 2011 
080 |a 821.111-3  |2 2011 
100 1 |a Mackie, Bella  |4 aut  |9 562122 
240 1 0 |a Jog on  |l Slovensky 
245 1 0 |a Hýb sa  |b ako ma beh postavil na nohy  |c Bella Mackie ; z anglického originálu Jog on ... preložila Simona Klimková 
250 |a Vydanie I. 
264 1 |a Bratislava  |b Tatran  |c 2019 
300 |a 256 strán  |c 22 cm 
336 |a text  |b txt  |2 rdacontent 
337 |a bez média  |b n  |2 rdamedia 
338 |a zväzok  |b nc  |2 rdacarrier 
504 |a Obsahuje bibliografické odkazy 
650 0 7 |a beh  |2 SNKPH  |9 3281 
650 0 7 |a pohybová aktivita  |2 SNKPH  |9 3607 
650 0 7 |a zdravý životný štýl  |2 SNKPH  |9 68571 
650 0 7 |a Running  |2 SNKPHeng  |9 312922 
650 0 7 |a Movement activity  |2 SNKPHeng  |9 312821 
650 0 7 |a Healthy lifestyle  |2 SNKPHeng  |9 268752 
655 7 |a anglická próza  |2 SNKPH  |9 513517 
655 7 |a English prose  |2 SNKPHeng  |9 277437 
700 1 |a Klimková, Simona,  |d 1982-  |4 trl  |9 203760 
919 |a 978-80-222-1025-6 
958 |a LX 
958 |a UP 
958 |a NB 
968 |b ENG 
999 |c 861997  |d 863927 
952 |a SNK  |b SNK  |y PREZ  |7 0  |p 17A1391777  |o snkSC 186360  |i snk2019/27583  |8 0  |0 0  |1 0  |4 0  |d 2019-10-28  |f 1  |l 0  |r 2026-02-24 05:15:33  |w 2026-02-24 
952 |a SNK  |b SNK  |y VYP  |7 0  |p 17A1391778  |o snkSC 186360 D1  |i snk2019/27584  |8 0  |0 0  |1 0  |4 0  |d 2019-10-28  |l 0  |r 2026-02-24 05:15:33  |w 2026-02-24